000 00674nam a2200229Ia 4500
003 OSt
005 20220928125045.0
006 a|||||r|||| 00| 0
007 ta
008 220927b |||||||| |||| 00| 0 eng d
024 _a120087
037 _cTextual
040 _aSDCL
_cSDCL
_beng
041 _2eng
_aeng
082 _aX651.2'P, P0
100 _aGupta L C
_9370597
245 0 _aReturns on Indian equity shares
_b A historical,analytical and futuristic study.
260 _aDelhi
_bSociety for Capital Market Research and Development
_c2000
300 _axvii,118p
_ccm.
942 _hX651.2'P, P0
_cTEXL
_2CC
999 _c780703
_d780703